000 00481nam a2200205Ia 4500
005 20240823022428.0
008 240823s9999||||xx |||||||||||||| ||und||
020 _a0-07-058339-0
041 _aENGLISH
082 _A658 P4
100 _a"Koontz,Harold"
245 0 _aEssentials of Management
250 _a7th
260 _c2007
_bTMH New D
500 _aYES
650 _aManagement
_bManagement Studies
700 _a" Weihrich,Heinz"
942 _cBK
999 _c179145
_d179145